000 00503nam a2200181Ia 4500
005 20250508160536.0
008 008 250505s9999 xx 000 0 eng d
037 _aTextual
040 _aFEDL
_beng
_cFEDL
041 _aeng
_2eng
084 _a401, SEN
_qFEDL
100 _aSengupta Kalyan Kumar
245 0 _aLanguage and philosophy
260 _aBombay, India
_bAllied Publishers Private Limited
_c1969
300 _avi,72p
942 _cTEXL
_h401, SEN
999 _c1365260
_d1365260